ewige Tabelle Premier League - Statistiken

Allgemein
  • Dieses Quiz wurde 194 mal gespielt
  • Das Durchschnittsergebnis liegt bei 33 aus 65
Antwortstatistiken
Platz Mannschaft % Korrekt
2 FC Arsenal
99%
1 FC Liverpool
99%
6 Manchester City
99%
4 Manchester United
99%
8 FC Chelsea
97%
7 Tottenham Hotspur
96%
3 FC Everton
88%
16 West Ham United
87%
21 Nottingham Forest
86%
5 Aston Villa
85%
24 Leicester City
84%
9 Newcastle United
82%
19 Leeds United
79%
27 FC Southampton
76%
47 Brighton & Hove Albion
75%
14 Wolverhampton Wanderers
75%
38 Crystal Palace
73%
33 FC Fulham
70%
51 AFC Bournemouth
63%
25 Birmingham City
63%
10 AFC Sunderland
62%
41 Luton Town
62%
36 Norwich City
62%
20 FC Burnley
61%
48 FC Brentford
60%
40 Cardiff City
59%
18 Sheffield United
59%
32 Ipswich Town
58%
50 Swansea City
57%
29 FC Portsmouth
54%
12 Blackburn Rovers
51%
43 FC Watford
51%
15 Sheffield Wednesday
50%
23 Stoke City
49%
11 West Bromwich Albion
49%
53 Hull City
48%
17 Derby County
47%
37 Queens Park Rangers
47%
49 Bristol City
46%
13 Bolton Wanderers
43%
22 FC Middlesbrough
40%
57 Oxford United
40%
31 FC Blackpool
39%
28 Huddersfield Town
39%
30 Coventry City
38%
56 FC Reading
38%
58 FC Millwall
37%
52 Wigan Athletic
37%
42 FC Wimbledon
35%
34 Charlton Athletic
30%
62 FC Barnsley
25%
26 Preston North End
25%
35 Notts County
21%
46 Bradford City
19%
59 Northampton Town
18%
44 Oldham Athletic
15%
63 Swindon Town
13%
39 FC Bury
12%
55 FC Accrington
10%
45 Grimsby Town
7%
64 Leyton Orient
7%
60 Carlisle United
5%
61 FC Darwen
3%
54 Bradford P.A.
2%
65 Glossop North End
2%
Keine übereinstimmenden Quizze gefunden
Verteilung der Resultate
Anzahl Personen mit jedem Resultat
Perzentil nach korrekt beantworteten Fragen
Ihre Resultats-Entwicklung
Sie haben dieses Quiz noch nicht gespielt